| 000 | 00660nam a2200205 a 4500 | ||
|---|---|---|---|
| 003 | MX-MxUPN | ||
| 005 | 20241001063925.0 | ||
| 008 | 991125s1938 fr r 000 0 fre d | ||
| 035 | _aUPN01000002967 | ||
| 040 |
_aMX-MxUPN _bspa _cMX-MxUPN |
||
| 041 | 0 | _afre | |
| 050 | 1 | 4 |
_aZ7203 _bA56 1938 |
| 245 | 0 | 2 |
_aL'année psychologique / _cpubliée par Henri Piéron. |
| 260 |
_aParís : _bF. Alcan, _c1938. |
||
| 300 | _a2 volúmenes | ||
| 650 | 4 |
_aPsicología _vBibliografía _952898 |
|
| 700 | 1 |
_aPiéron, Henri, _d1881-1964 _929413 _eedición |
|
| 710 | 2 |
_aInstituto Nacional de Investigación Educativa (México) _epropietario anterior _928086 |
|
| 942 |
_2lcc _cLIBRO |
||
| 999 |
_c2967 _d2967 |
||